Pattern recognition by humans and machines (Record no. 81762)

MARC details
000 -LEADER
fixed length control field 00930nam a2200217 a 4500
008 - FIXED-LENGTH DATA ELEMENTS--GENERAL INFORMATION
fixed length control field 120416s1986 ||||||||||||||||| || u
020 ## - INTERNATIONAL STANDARD BOOK NUMBER
International Standard Book Number 0126314020
050 ## - LIBRARY OF CONGRESS CALL NUMBER
Classification number BF 311 Pat
100 ## - MAIN ENTRY--PERSONAL NAME
Personal name Nusbaum, Howard C
245 10 - TITLE STATEMENT
Title Pattern recognition by humans and machines
Statement of responsibility, etc edited by E. C. Schwab
260 ## - PUBLICATION, DISTRIBUTION, ETC. (IMPRINT)
Place of publication, distribution, etc London
Name of publisher, distributor, etc Academic Press
Date of publication, distribution, etc 1986
300 ## - PHYSICAL DESCRIPTION
Extent 2v. : ill
350 ## -
-- 0.00
490 ## - SERIES STATEMENT
Series statement Academic Press series in cognition and perception
500 ## - GENERAL NOTE
General note Bibliography
650 ## - SUBJECT ADDED ENTRY--TOPICAL TERM
Topical term or geographic name as entry element Pattern perception
650 ## - SUBJECT ADDED ENTRY--TOPICAL TERM
Topical term or geographic name as entry element PATTERN RECOGNITION SYSTEMS
700 ## - ADDED ENTRY--PERSONAL NAME
Personal name Schwab, Eileen C
995 ## - RECOMMENDATION 995 [LOCAL, UNIMARC FRANCE]
-- 0.00
-- CBU-MAIN LIBRARY (Kitwe)
-- 2
-- 88.00
-- 1
-- AVAILABLE
-- May 15, 2006
-- Main Library Open Access Collection
995 ## - RECOMMENDATION 995 [LOCAL, UNIMARC FRANCE]
-- 0.00
-- CBU-MAIN LIBRARY (Kitwe)
-- 1
-- 88.00
-- 2
-- AVAILABLE
-- May 15, 2006
-- Main Library Open Access Collection
Holdings
Withdrawn status Lost status Source of classification or shelving scheme Damaged status Not for loan Permanent Location Current Location Shelving location Date acquired Total Checkouts Full call number Barcode Date last seen Copy number Price effective from Koha item type
          CBU-MAIN LIBRARY, KITWE. CBU-MAIN LIBRARY, KITWE.   09/05/2023   BF 311 Pat 018313 09/05/2023 1 09/05/2023 MONOGRAPH
          CBU-MAIN LIBRARY, KITWE. CBU-MAIN LIBRARY, KITWE.   09/05/2023   BF 311 Pat 018314 09/05/2023 2 09/05/2023 MONOGRAPH